| Поле | Инд. | ПП | Название | Значение |
|---|---|---|---|---|
| Тип записи | a | |||
| Библиографический уровень | m | |||
| 001 | Контрольный номер | RU/LIBMSTU/360146390 | ||
| 005 | Дата корректировки | 20180201110024.2 | ||
| 008 | Кодируемые данные | 110531|||||||||ru |||||||||||000|||rus|| | ||
| 020 | a | ISBN | 978-5-86185-524-2 | |
| c | Цена, тираж | 510-51 | ||
| 040 | b | Код языка каталог. | rus | |
| 041 | 0_ | a | Код языка текста | rus |
| 084 | a | Индекс другой классификации/Индекс ББК | 28.082+28.08+28.4 | |
| 090 | a | Полочн. индекс | 28.082 | |
| x | Авторский знак | П 27 | ||
| 100 | 1_ | a | Автор | Перетрухина А. Т. |
| 110 | 2_ | a | Организация/ юрисдикция | Мурманский государственный технический университет |
| 245 | 10 | a | Заглавие | Микробиологический и вирусологический мониторинг Кольского залива и водных экосистем г. Мурманска |
| b | Продолж. заглавия | монография | ||
| c | Ответственность | под ред. А. Т. Перетрухиной ; Федер. агентство по рыболовству, ФГОУ ВПО "Мурман. гос. техн. ун-т" | ||
| 260 | a | Место издания | Мурманск | |
| b | Издательство | Изд-во МГТУ | ||
| c | Дата издания | 2010 | ||
| 300 | a | Объем | 143 с. | |
| b | Иллюстрации/ тип воспроизводства | цв. ил. | ||
| 504 | a | Библиография | Библиогр.: с. 117-143 | |
| 583 | x | Служебное примечание | Краеведческий каталог | |
| 650 | 04 | a | Основная рубрика | Гидробиология-Кольский залив |
| 650 | 14 | a | Основная рубрика | Водные экосистемы-Кольский залив |
| 651 | _4 | a | Географическое наименование | Мурманская область |
| 651 | _4 | a | Географическое наименование | Кольский залив |
| 653 | 0_ | a | Ключевые слова | Вирусологический мониторинг |
| a | Ключевые слова | Экосистемы водные | ||
| a | Ключевые слова | Экосистемы морские | ||
| a | Ключевые слова | Воды поверхностные | ||
| a | Ключевые слова | Воды подземные | ||
| a | Ключевые слова | Исследования питьевой воды | ||
| a | Ключевые слова | Исследования сточных вод | ||
| a | Ключевые слова | Микробиологические показатели воды | ||
| a | Ключевые слова | Микробиологический мониторинг | ||
| a | Ключевые слова | Мониторинг экологический | ||
| a | Ключевые слова | Химические показатели воды | ||
| a | Ключевые слова | Монографии | ||
| 700 | 12 | a | Другие авторы | Луценко Е. С. |
| 901 | t | Тип документа | m | |
| 952 | c | Вид литературы | монография |